000 00628nam a22001937a 4500
999 _c164194
_d164194
005 20190514103623.0
010 _aUR-10108
020 _c200.00
_a9789388105491
035 _aU-8663
037 _bDBAD/PUB
082 _a841
100 _aا نيس نظمی
245 _aشبنمی مو تی
_cا نيس نظمی
246 _b‏Shabnami Moti(Urdu)
_aby Anees Nazmi
260 _a Delhi
_bEducational Publishing House
_c2018 ء
270 _a3191،Vakil Street,Kucha Pandit,Lal Kuan,
_bDelhi
_e110006
_k23216162
_l00911123211540
300 _a192ص
_c22 Cm.(bk)
942 _2ddc
_cUR
_h841
_mا ن ي